Famous People Who Died From Pneumonia (Post-2000) - Statistics

General Stats
  • This quiz has been taken 100 times
    93 since last reset
  • The average score is 8 of 16
Answer Stats
Death Hint Person % Correct
2004 President who died of pneumonia complicated by Alzheimer's Ronald Reagan
88%
2018 Co-created Spider-Man, X-Men, Iron Man, the Hulk Stan Lee
84%
2006 The Godfather of Soul James Brown
77%
2010 Prolific Canadian actor of Airplane and The Naked Gun Leslie Nielsen
74%
2007 "King of the High Cs" who was one of the Three Tenors Luciano Pavarotti
69%
2003 Actor, comedian, and USO entertainer who lived to be 100 Bob Hope
61%
2019 Star of Pillow Talk and singer of "Que Sera, Sera" Doris Day
55%
2003 Tough guy actor of Death Wish, The Dirty Dozen Charles Bronson
45%
2009 Star of 8 Mile, Clueless, and Freeway Brittany Murphy
43%
2014 Actor in Who Framed Roger Rabbit? and Super Mario Bros. Bob Hoskins
40%
2010 Starred in seven movies alongside Corey Feldman Corey Haim
40%
2017 World middleweight champion nicknamed "Raging Bull" Jake LaMotta
40%
2002 Sunset Boulevard, Some Like it Hot, The Apartment director Billy Wilder
38%
2012 General who led Operation Desert Storm against Iraq Norman Schwarzkopf
35%
2011 Atheist author of God is Not Great Christopher Hitchens
29%
2008 Comedian of The Original Kings of Comedy Bernie Mac
21%
No matching quizzes found
Score Distribution
Percent of People with Each Score
Percentile by Number Answered
Your Score History
You have not taken this quiz since the last reset